=LDR 00000nam 2200000 4500 =001 INLIS000000000013390 =005 20130612104806 =008 ***********************************Ind** =035 ##$$0010-061300000013390 =041 ##$$a Ind =082 ##$$a 630.04 =090 ##$$a 630.04, Jaf d =100 ##$$a Jafaruddin =245 ##$$a Dasar-Dasar Perlindungan tanaman(umum), Prof. dr.Djafaruddin =260 ##$$a 2001 $b Jakarta =300 ##$$a 120 hlm, 21 cm =650 ##$$a Tanaman - Perlindungan =850 ##$$a NBPNMAT =990 ##$$a 21400613/BPAP-NTB/20142014 =990 ##$$a 0001/BPAP-NTB/20142014 =990 ##$$a 0001/BPAP-NTB/2015